00658cam a22002177a 4500003000500000005001700005008004100022010001000063011001000073035001000083040000900093100001800102245008600120260002700206300001800233490005200251650001700303650004100320650002700361830005200388CHAP20220329140446.0971013s1982 r 00010 d a52282 a53254 a57404 cCHAP00aPonsen, M. B.14aThe digestive system of Phloemyzus passerinni (Signoret) (Homoptera : aphidoidea) aVeenman & Zonen,c1982 a6 p.b: ilus. 0aMededelingen Landbouwhogeschoolv; 82-10 (1982)14aDigestión.14aInsectosxAnatomía y fisiología.14aPhloemyzus passerinii.0 aMededelingen Landbouwhogeschoolv; 82-10 (1982)